Paradoxes of european foreign policy from the European union to the Atlantic union

Uložené v:
Podrobná bibliografia
Hlavný autor: Kupchan, Charles A.
Médium: Kniha
Jazyk:English
Vydavateľské údaje: San Domenico (FI) European University Institute/Robert Schuman Centre 1997
Edícia:EUI Working paper RSC No. 97/73
Predmet:
Tagy: Pridať tag
Žiadne tagy, Buďte prvý, kto otaguje tento záznam!

MARC

LEADER 00000nam a2200000 4500
001 c134657
005 20221124073754.1
041 0 |a eng 
044 |a IT 
245 1 0 |a Paradoxes of european foreign policy  |b from the European union to the Atlantic union  |c Charles A. Kupchan 
264 1 |a San Domenico (FI)  |b European University Institute/Robert Schuman Centre  |c 1997 
300 |a 22 s. 
490 1 |a EUI Working paper RSC  |v No. 97/73 
830 0 |a EUI Working paper RSC  |v No. 97/73 
610 2 0 |a integrácia ekonomická medzinárodná 
610 2 0 |a politika medzinárodná 
610 2 0 |a paradoxy 
610 2 0 |a Európa 
610 2 0 |a Amerika 
610 2 0 |a Európska únia 
610 2 0 |a NATO 
100 1 |a Kupchan, Charles A.